[Event "TCh-CHN 2016"]
[Site "China CHN"]
[Date "2016.10.31"]
[Round "17.2"]
[Board "1"]
[White "Xu, Xiangyu"]
[Black "Fang, Yuxiang"]
[Result "1/2-1/2"]
[BlackTitle "IM"]
[WhiteElo "2447"]
[BlackElo "2502"]
[WhiteTeam "Chengdu"]
[BlackTeam "Qingdao"]
[WhiteFideId "8608288"]
[BlackFideId "8605840"]
[EventDate "2016.04.12"]

1. c4 c6 2. d4 d5 3. Nf3 Nf6 4. Nc3 a6 5. c5 Nbd7 6. Qc2 g6 7. g3 Bg7 8. Bg2 O-O
9. O-O Re8 10. Rd1 b6 11. cxb6 Nxb6 12. Ne5 Bf5 13. Qb3 Rc8 14. Bf4 Nfd7 15.
Nxd7 Nxd7 16. Rac1 Qb6 17. Na4 Qxb3 18. axb3 h6 19. h4 e6 20. Bd6 Bf8 21. Bxf8
Kxf8 22. e3 Rc7 23. Rc3 Rb8 24. Rdc1 Ke7 25. Rxc6 Rxc6 26. Rxc6 Bd3 27. Bf1 Bb5
28. Bxb5 axb5 29. Nc5 Nxc5 30. dxc5 b4 31. Kf1 Kd7 32. Ra6 Rc8 33. Ra5 Kc6 34.
Ke2 e5 35. Kd3 Rd8 36. g4 f5 37. g5 hxg5 38. hxg5 Rh8 39. Ra6+ Kxc5 40. Rxg6 Rh2
41. Ke2 d4 42. exd4+ Kxd4 43. Kf3 Rh3+ 44. Kg2 Rh4 45. f3 e4 46. Rh6 exf3+ 47.
Kxf3 Rg4 48. Rd6+ 1/2-1/2

[Event "TCh-CHN 2016"]
[Site "China CHN"]
[Date "2016.10.31"]
[Round "17.2"]
[Board "3"]
[White "Liu, Guanchu"]
[Black "Mu, Ke"]
[Result "1-0"]
[WhiteTitle "IM"]
[WhiteElo "2366"]
[BlackElo "2418"]
[WhiteTeam "Chengdu"]
[BlackTeam "Qingdao"]
[WhiteFideId "8603901"]
[BlackFideId "8602778"]
[EventDate "2016.04.12"]

1. e4 e6 2. d4 d5 3. Nd2 Nc6 4. Ngf3 Nf6 5. e5 Nd7 6. Be2 f6 7. exf6 Qxf6 8. Nf1
Bd6 9. Ne3 O-O 10. O-O Qf7 11. c4 Nf6 12. c5 Bf4 13. g3 Bh6 14. Ng2 Bxc1 15.
Rxc1 Ne4 16. Ne3 Bd7 17. Ng4 Be8 18. Nfe5 Nxe5 19. Nxe5 Qf6 20. Bd3 Ng5 21. f4
Nf7 22. Qc2 Qh6 23. Rce1 Nxe5 24. Rxe5 Rf6 25. Rfe1 Bd7 26. b4 a6 27. Qe2 g6 28.
h4 Rf7 29. Kg2 Qf8 30. h5 Rg7 31. hxg6 hxg6 32. a4 Qf6 33. a5 Rf8 34. Rh1 Kf7
35. Rh6 Rfg8 36. Kf2 Kf8 37. Ke1 Qe7 38. Kd2 Qf6 39. Kc3 Kf7 40. Rg5 Be8 41. Qe3
Kf8 42. Re5 Kf7 43. g4 Qd8 44. f5 exf5 45. gxf5 Kf8 46. fxg6 Bxg6 47. Bxg6 Rxg6
48. Qf4+ Kg7 49. Rxg6+ Kxg6 50. Re6+ Kg7 51. Qe5+ 1-0

[Event "TCh-CHN 2016"]
[Site "China CHN"]
[Date "2016.10.31"]
[Round "17.2"]
[Board "4"]
[White "Zhou, Guijue"]
[Black "Ren, Xiaoyi"]
[Result "0-1"]
[WhiteTitle "WIM"]
[WhiteElo "2239"]
[BlackElo "2157"]
[WhiteTeam "Qingdao"]
[BlackTeam "Chengdu"]
[WhiteFideId "8602905"]
[BlackFideId "8608709"]
[EventDate "2016.04.12"]

1. e4 e5 2. Nf3 Nf6 3. Nxe5 d6 4. Nf3 Nxe4 5. Nc3 Nxc3 6. dxc3 Nc6 7. Be3 Be6 8.
Qd2 Qd7 9. O-O-O Be7 10. Kb1 Bf6 11. h3 a6 12. g4 h6 13. Bg2 Na5 14. Nd4 Nc4 15.
Qc1 O-O-O 16. Nxe6 fxe6 17. Bd4 Rhf8 18. Bxf6 Rxf6 19. Rd4 d5 20. b3 Rxf2 21.
Bxd5 exd5 22. bxc4 Qc6 23. Qe3 Qb6+ 24. Kc1 Rdf8 25. cxd5 Kb8 26. Re1 R8f3 27.
Qe8+ Ka7 28. Re3 Rf1+ 29. Re1 Rxc3 30. Rd3 Rxd3 31. cxd3 Qc5+ 32. Kd1 Rf3 33.
Qe4 Rxh3 34. Re2 Qc3 35. Rd2 Qa1+ 36. Kc2 Qxa2+ 37. Kc3 Qa3+ 38. Kc2 Qc5+ 39.
Kb2 Re3 40. Qf4 Qb6+ 41. Ka2 Qa5+ 0-1

[Event "TCh-CHN 2016"]
[Site "China CHN"]
[Date "2016.10.31"]
[Round "17.2"]
[Board "5"]
[White "Yao, Lan"]
[Black "Ushenina, Anna"]
[Result "1/2-1/2"]
[BlackTitle "GM"]
[WhiteElo "2132"]
[BlackElo "2459"]
[WhiteTeam "Qingdao"]
[BlackTeam "Chengdu"]
[WhiteFideId "8610835"]
[BlackFideId "14110911"]
[EventDate "2016.04.12"]

1. e4 c5 2. Nf3 Nc6 3. d4 cxd4 4. Nxd4 Nf6 5. Nc3 e5 6. Ndb5 d6 7. Nd5 Nxd5 8.
exd5 Nb8 9. c4 Be7 10. Bd3 a6 11. Nc3 O-O 12. O-O f5 13. f3 Bg5 14. Kh1 Nd7 15.
b4 a5 16. a3 axb4 17. Bxg5 Qxg5 18. axb4 Rxa1 19. Qxa1 Qe3 20. Be2 Nb8 21. Qc1
Qb6 22. Qb2 Na6 23. Rb1 Bd7 24. Qc1 Qd4 25. Nd1 h6 26. Qe3 Rb8 27. b5 Nc5 28.
Qxd4 exd4 29. Kg1 Ra8 30. Nb2 Ra2 31. Kf1 Kf7 32. Nd3 Na4 33. Nc1 Ra3 34. Nb3
Nc3 35. Rb2 Na4 36. Rb1 Nc3 37. Rb2 Na4 38. Rb1 Nc3 1/2-1/2

[Event "TCh-CHN 2016"]
[Site "China CHN"]
[Date "2016.10.31"]
[Round "17.3"]
[Board "1"]
[White "Lu, Shanglei"]
[Black "Wei, Yi"]
[Result "1/2-1/2"]
[WhiteTitle "GM"]
[BlackTitle "GM"]
[WhiteElo "2619"]
[BlackElo "2700"]
[WhiteTeam "Zhejiang"]
[BlackTeam "Jiangsu"]
[WhiteFideId "8603332"]
[BlackFideId "8603405"]
[EventDate "2016.04.12"]

1. e4 c5 2. Nf3 d6 3. d4 cxd4 4. Nxd4 Nf6 5. Nc3 a6 6. Be2 e5 7. Nb3 Be7 8. g4
h6 9. Rg1 Be6 10. f4 exf4 11. Bxf4 Nc6 12. Qd2 d5 13. exd5 Nxd5 14. Nxd5 Qxd5
15. Qxd5 Bxd5 16. O-O-O O-O-O 17. Rg3 Rhe8 18. Bf3 Nb4 19. a3 Bxb3 20. Bxb7+
Kxb7 21. Rxb3 Rxd1+ 22. Kxd1 Rd8+ 23. Ke2 Rc8 24. c3 a5 25. cxb4 axb4 26. Bd2
Ka6 27. axb4 Rc4 28. h3 Bg5 29. Bc3 Re4+ 30. Kd3 Re3+ 31. Kc4 Rxh3 32. Ra3+ Kb7
33. Bd4 Rxa3 34. bxa3 g6 35. a4 h5 36. gxh5 gxh5 37. a5 Bd2 1/2-1/2

[Event "TCh-CHN 2016"]
[Site "China CHN"]
[Date "2016.10.31"]
[Round "17.3"]
[Board "3"]
[White "Xu, Minghui"]
[Black "Lin, Chen"]
[Result "0-1"]
[BlackTitle "GM"]
[WhiteElo "2305"]
[BlackElo "2526"]
[WhiteTeam "Zhejiang"]
[BlackTeam "Jiangsu"]
[WhiteFideId "8606790"]
[BlackFideId "8602298"]
[EventDate "2016.04.12"]

1. Nf3 Nf6 2. c4 g6 3. b3 Bg7 4. Bb2 O-O 5. g3 c6 6. Bg2 d5 7. d4 Bg4 8. Nbd2
Bxf3 9. Bxf3 e6 10. O-O Nbd7 11. Qc2 Qe7 12. Rfe1 Rfd8 13. e4 dxe4 14. Nxe4 Nxe4
15. Rxe4 Nf6 16. Re2 Qc7 17. Rae1 Rd7 18. Bc3 Rad8 19. Rd2 Ne8 20. Red1 Nd6 21.
Bg4 Nc8 22. Rd3 Ne7 23. Qd2 Rd6 24. Qe3 b6 25. Bb4 R6d7 26. Bc3 a5 27. h4 h5 28.
Bh3 Rd6 29. R1d2 Qa7 30. a4 Qc7 31. b4 axb4 32. Bxb4 R6d7 33. Bxe7 Rxe7 34. Bg2
Red7 35. Qe4 c5 36. dxc5 Rxd3 37. Rxd3 Rxd3 38. Qxd3 Qxc5 39. Be4 Bd4 40. Kg2
Kg7 41. f3 e5 42. Bd5 Qb4 43. Kh3 Qb2 44. f4 exf4 45. gxf4 f5 46. Bf3 Kh6 47.
Be2 Qa1 48. Qd1 Qa3+ 49. Qd3 Qb2 50. Kg2 Bf6 51. Kg3 Qb4 52. Qd1 Qe7 53. Bf3
Bxh4+ 54. Kh3 Bf6 55. Qd2 Qa3 56. Qd5 Qxa4 57. Qf7 Qa1 58. Kg2 Qb2+ 59. Kh1 Bg7
60. Qc7 Qf2 0-1

[Event "TCh-CHN 2016"]
[Site "China CHN"]
[Date "2016.10.31"]
[Round "17.3"]
[Board "4"]
[White "Yuan, Ye"]
[Black "Ding, Yixin"]
[Result "0-1"]
[BlackTitle "WGM"]
[WhiteElo "2212"]
[BlackElo "2426"]
[WhiteTeam "Jiangsu"]
[BlackTeam "Zhejiang"]
[WhiteFideId "8608415"]
[BlackFideId "8602972"]
[EventDate "2016.04.12"]

1. d4 Nf6 2. c4 e6 3. g3 d5 4. Nf3 Bb4+ 5. Bd2 Be7 6. Bg2 O-O 7. O-O c6 8. Qc2
b6 9. Bf4 Nbd7 10. Rd1 Ba6 11. b3 Rc8 12. Nc3 dxc4 13. e4 Bb4 14. e5 Bxc3 15.
Qxc3 Nd5 16. Qc2 c3 17. Ng5 g6 18. Ne4 Nxf4 19. gxf4 Qh4 20. Nd6 Rc7 21. Qe4 f6
22. exf6 Qxf6 23. Bh3 Qxf4 24. Bxe6+ Kh8 25. Qxf4 Rxf4 26. Rac1 Nf8 27. Bh3 Be2
28. Re1 Bg4 29. Rxc3 Bxh3 30. Rxh3 Rxd4 31. Nc4 b5 32. Ne5 Kg7 33. Rhe3 c5 34.
Nf3 Rdd7 35. Rc1 Kf6 36. Ne5 Rd4 37. Nf3 Rd5 38. Rce1 c4 39. bxc4 bxc4 40. Rc1
Ne6 41. Rec3 Nf4 42. Kf1 g5 43. R3c2 Kf5 44. Ne1 Rd4 45. Nf3 Rd3 46. Ne1 Ra3 47.
Rxc4 Rxc4 48. Rxc4 Rxa2 49. Nc2 Rb2 50. f3 Nd5 51. Rc5 Rxc2 52. Rxd5+ Kf4 53.
Rd7 Rxh2 54. Kg1 Ra2 55. Rxh7 Kxf3 56. Rh3+ Kg4 57. Rc3 a5 58. Rc4+ Kh5 59. Rc8
a4 60. Rc7 a3 61. Rc4 Rb2 0-1

[Event "TCh-CHN 2016"]
[Site "China CHN"]
[Date "2016.10.31"]
[Round "17.3"]
[Board "5"]
[White "Guo, Qi"]
[Black "Zhu, Jiner"]
[Result "1-0"]
[WhiteTitle "IM"]
[WhiteElo "2436"]
[BlackElo "2095"]
[WhiteTeam "Jiangsu"]
[BlackTeam "Zhejiang"]
[WhiteFideId "8604002"]
[BlackFideId "8608059"]
[EventDate "2016.04.12"]

1. d4 Nf6 2. c4 e6 3. g3 d5 4. Bg2 Bb4+ 5. Bd2 Be7 6. Nf3 O-O 7. O-O c6 8. Qc2
b6 9. Bf4 Nbd7 10. Nc3 Ba6 11. cxd5 cxd5 12. Rfc1 b5 13. a4 Qb6 14. axb5 Bxb5
15. Nxb5 Qxb5 16. Bf1 Qb7 17. Qc6 Qxc6 18. Rxc6 a5 19. e3 Ra7 20. Rac1 h6 21. h4
Rb7 22. R1c2 a4 23. Ra6 Nh5 24. Rc7 Rxc7 25. Bxc7 Rc8 26. Ra7 Bd8 27. Bxd8 Rxd8
28. Bb5 Nhf6 29. Bxa4 Nb6 30. Bb5 Rb8 31. b3 Nc8 32. Rc7 Rxb5 33. Rxc8+ Kh7 34.
Ne5 Rxb3 35. Nxf7 Ng4 36. h5 g6 37. hxg6+ Kxg6 38. Rg8+ Kxf7 39. Rxg4 Kf6 40.
Kg2 Rb2 41. Rh4 Kg5 42. Rf4 Ra2 43. Kf3 Ra3 44. g4 Ra1 45. Rf8 Rf1 46. Rg8+ Kf6
47. Kg3 Kf7 48. Ra8 Kf6 49. Ra6 Kf7 50. f3 Kf6 51. Ra2 Rg1+ 52. Rg2 Re1 53. Kf2
Rh1 54. Rg1 Rh2+ 55. Kg3 Re2 56. Kf4 Rh2 57. Ra1 Re2 58. Rh1 Kg6 59. Rh5 Re1 60.
Re5 Kf6 61. Kg3 Rg1+ 62. Kf2 Ra1 63. f4 Ra6 64. f5 exf5 65. Rxf5+ Ke6 66. Rh5
Kf7 67. Rxd5 Rf6+ 68. Rf5 1-0

[Event "TCh-CHN 2016"]
[Site "China CHN"]
[Date "2016.10.31"]
[Round "17.4"]
[Board "1"]
[White "Yu, Yangyi"]
[Black "Wang, Yue"]
[Result "1-0"]
[WhiteTitle "GM"]
[BlackTitle "GM"]
[WhiteElo "2738"]
[BlackElo "2718"]
[WhiteTeam "Beijing"]
[BlackTeam "Tianjing"]
[WhiteFideId "8603820"]
[BlackFideId "8601429"]
[EventDate "2016.04.12"]

1. d4 d5 2. c4 c6 3. Nf3 Nf6 4. Nc3 e6 5. Bg5 Nbd7 6. cxd5 exd5 7. e3 Be7 8. Qc2
O-O 9. Bd3 Re8 10. h3 Nf8 11. g4 a5 12. O-O-O a4 13. Kb1 Qa5 14. a3 Be6 15. Bxf6
Bxf6 16. g5 Be7 17. Ne5 Bxg5 18. f4 Bf6 19. h4 Bxe5 20. fxe5 b5 21. Na2 Rac8 22.
Nb4 Qb6 23. Rc1 Bd7 24. Rhg1 Qd8 25. Qg2 Ne6 26. Rcf1 Qe7 27. Bxb5 cxb5 28. Nxd5
Qd8 29. Nf6+ Kh8 30. Nxe8 Qxe8 31. d5 g6 32. dxe6 Qxe6 33. Qd2 h5 34. Rf6 Qe8
35. e4 Kh7 36. Rg5 Bg4 37. e6 Bxe6 38. Rxh5+ Kg7 39. Qd4 Qd8 40. Rxf7+ Kxf7 41.
Rh7+ 1-0

[Event "TCh-CHN 2016"]
[Site "China CHN"]
[Date "2016.10.31"]
[Round "17.4"]
[Board "2"]
[White "Wang, Yiye"]
[Black "Malakhov, Vladimir"]
[Result "0-1"]
[WhiteTitle "IM"]
[BlackTitle "GM"]
[WhiteElo "2442"]
[BlackElo "2695"]
[WhiteTeam "Beijing"]
[BlackTeam "Tianjing"]
[WhiteFideId "8606021"]
[BlackFideId "4120787"]
[EventDate "2016.04.12"]

1. e4 g6 2. d4 Bg7 3. h3 d6 4. Nf3 Nf6 5. Bd3 O-O 6. O-O Nbd7 7. Nc3 e5 8. dxe5
dxe5 9. Bc4 c6 10. a4 h6 11. Be3 Qe7 12. Qd2 Kh7 13. Rfd1 Nc5 14. Bxc5 Qxc5 15.
Bb3 a5 16. Qd6 Qxd6 17. Rxd6 Nd7 18. Rad1 Nc5 19. Rd8 Kg8 20. Ba2 Bf6 21. Rxf8+
Kxf8 22. Nd2 Bd8 23. Nb3 Bb6 24. Nxc5 Bxc5 25. Rd8+ Ke7 26. Rh8 h5 27. Ne2 Rb8
28. Nc1 Bd6 29. Nd3 b5 30. Bb3 Bd7 31. Rxb8 Bxb8 32. Kf1 Bd6 33. Ke2 f5 34. f3
Bc8 35. Kd2 Kf6 36. c4 Ba6 37. c5 Bf8 38. axb5 cxb5 39. Bd5 b4 40. b3 Bh6+ 41.
Kc2 Be3 42. c6 Bd4 43. Nb2 Bxb2 44. Kxb2 f4 45. h4 Ke7 46. Kc2 Bf1 47. Kd2 Bxg2
48. c7 Kd7 49. Be6+ Kxc7 50. Ke2 Kd6 51. Bc8 a4 52. bxa4 b3 53. Ba6 Kc5 0-1

[Event "TCh-CHN 2016"]
[Site "China CHN"]
[Date "2016.10.31"]
[Round "17.4"]
[Board "3"]
[White "Zhang, Zhong"]
[Black "Dai, Changren"]
[Result "1-0"]
[WhiteTitle "GM"]
[WhiteElo "2634"]
[BlackElo "2361"]
[WhiteTeam "Beijing"]
[BlackTeam "Tianjing"]
[WhiteFideId "8600694"]
[BlackFideId "8608156"]
[EventDate "2016.04.12"]

1. d4 Nf6 2. Bf4 g6 3. Nc3 d5 4. e3 Bg7 5. h4 c5 6. Nb5 O-O 7. Nc7 Nh5 8. Bh2
cxd4 9. exd4 Nc6 10. Nxa8 Nxd4 11. Nc7 e5 12. c3 Bg4 13. Qd2 Nf5 14. Be2 Qxh4
15. Nf3 Qd8 16. Nxd5 e4 17. Nd4 Bh6 18. Bf4 e3 19. fxe3 Qxd5 20. Nxf5 1-0

[Event "TCh-CHN 2016"]
[Site "China CHN"]
[Date "2016.10.31"]
[Round "17.4"]
[Board "4"]
[White "Ni, Shiqun"]
[Black "Zhao, Xue"]
[Result "1/2-1/2"]
[WhiteTitle "WGM"]
[BlackTitle "GM"]
[WhiteElo "2363"]
[BlackElo "2504"]
[WhiteTeam "Tianjing"]
[BlackTeam "Beijing"]
[WhiteFideId "8608466"]
[BlackFideId "8601283"]
[EventDate "2016.04.12"]

1. e4 e5 2. Nf3 Nc6 3. Bc4 Bc5 4. O-O Nf6 5. d3 d6 6. c3 Bb6 7. a4 a6 8. Re1 O-O
9. h3 Ne7 10. Nbd2 Ng6 11. Nf1 c6 12. Ng3 Bc7 13. Bb3 Be6 14. d4 Re8 15. Bxe6
Rxe6 16. Qb3 d5 17. Bg5 h6 18. exd5 cxd5 19. Bxf6 gxf6 20. dxe5 fxe5 21. Rad1
Ne7 22. c4 d4 23. Qd3 Qe8 24. b3 Rd8 25. Nh4 Kh8 26. Re4 Qg8 27. Ngf5 Nxf5 28.
Nxf5 Qh7 29. Qf3 Rf6 30. g4 Rg8 31. Kf1 h5 32. Ke2 Rg5 33. Rb1 Bb8 34. Rd1 Bc7
35. Rb1 Bb8 36. Rd1 Bc7 37. Kf1 Rg8 38. Ke2 Rg5 39. Rb1 Bb8 40. Rd1 Bc7 41. Rb1
Bb8 42. Rd1 1/2-1/2

[Event "TCh-CHN 2016"]
[Site "China CHN"]
[Date "2016.10.31"]
[Round "17.4"]
[Board "5"]
[White "Khotenashvili, Bela"]
[Black "Wang, Jue"]
[Result "0-1"]
[WhiteTitle "GM"]
[BlackTitle "WGM"]
[WhiteElo "2493"]
[BlackElo "2380"]
[WhiteTeam "Tianjing"]
[BlackTeam "Beijing"]
[WhiteFideId "13602640"]
[BlackFideId "8604070"]
[EventDate "2016.04.12"]

1. Nf3 Nf6 2. c4 g6 3. b3 Bg7 4. Bb2 O-O 5. g3 d6 6. d4 e5 7. dxe5 dxe5 8. Nc3
e4 9. Ng5 h6 10. Nh3 Qe7 11. Bg2 Bf5 12. O-O c6 13. f3 Nbd7 14. Nf2 exf3 15.
exf3 Nc5 16. Ba3 Rfd8 17. Qc1 b6 18. Re1 Qc7 19. Bb2 Nd3 20. Nxd3 Rxd3 21. Rd1
Rad8 22. Rxd3 Rxd3 23. Qe1 Nd7 24. g4 Be6 25. Rd1 Nc5 26. b4 Rxd1 27. Qxd1 Qf4
28. bxc5 Bxc3 29. Bxc3 Qe3+ 30. Kh1 Qxc3 31. cxb6 axb6 32. h3 Kg7 33. Qb1 Bxc4
34. Qxb6 Bxa2 35. Kh2 Bd5 36. Kg3 c5 37. Qd6 Qd4 38. Kh2 g5 39. Qb6 Qf4+ 40. Kg1
c4 41. Qc5 Bxf3 42. Bxf3 Qxf3 43. Qxc4 Qg3+ 44. Kh1 Qxh3+ 45. Kg1 Qg3+ 46. Kh1
Qe5 47. Qc6 h5 48. Qc8 Qe1+ 0-1

[Event "TCh-CHN 2016"]
[Site "China CHN"]
[Date "2016.10.31"]
[Round "17.5"]
[Board "1"]
[White "Xu, Yi"]
[Black "Bai, Jinshi"]
[Result "1/2-1/2"]
[WhiteTitle "FM"]
[BlackTitle "GM"]
[WhiteElo "2386"]
[BlackElo "2564"]
[WhiteTeam "Shanghai"]
[BlackTeam "Hangzhou"]
[WhiteFideId "8605564"]
[BlackFideId "8602280"]
[EventDate "2016.04.12"]

1. e4 c5 2. Nf3 e6 3. d4 cxd4 4. Nxd4 Nc6 5. Nc3 Qc7 6. g3 a6 7. Bg2 Nf6 8. O-O
Bc5 9. Nb3 Ba7 10. Bg5 h5 11. Qe2 Ne5 12. h3 Ng6 13. Be3 h4 14. Bxa7 Rxa7 15.
Qe3 b5 16. Nd4 Rb7 17. Rae1 b4 18. Nce2 hxg3 19. fxg3 Qc5 20. Nc1 e5 21. Nf5
Qxe3+ 22. Rxe3 O-O 23. Nb3 Rc7 24. c3 bxc3 25. Rxc3 Rxc3 26. bxc3 d5 27. exd5
Bxf5 28. Rxf5 Rc8 29. h4 e4 30. d6 Rxc3 31. Nc5 Rc1+ 32. Kf2 Rc2+ 33. Ke1 Rxg2
34. Rxf6 Ne5 35. Rf2 Rg1+ 36. Ke2 Rxg3 37. d7 Nc6 38. Nxe4 1/2-1/2

[Event "TCh-CHN 2016"]
[Site "China CHN"]
[Date "2016.10.31"]
[Round "17.5"]
[Board "2"]
[White "Zhou, Jianchao"]
[Black "Ma, Qun"]
[Result "1/2-1/2"]
[WhiteTitle "GM"]
[BlackTitle "GM"]
[WhiteElo "2612"]
[BlackElo "2613"]
[WhiteTeam "Shanghai"]
[BlackTeam "Hangzhou"]
[WhiteFideId "8603537"]
[BlackFideId "8603154"]
[EventDate "2016.04.12"]

1. Nf3 d5 2. d4 Nf6 3. c4 e6 4. Nc3 c5 5. cxd5 Nxd5 6. e4 Nxc3 7. bxc3 cxd4 8.
cxd4 Bb4+ 9. Bd2 Bxd2+ 10. Qxd2 O-O 11. Bb5 b6 12. O-O Bb7 13. Qe3 Nd7 14. Rac1
Nf6 15. Bc6 Bxc6 16. Rxc6 Rc8 17. Ne5 Rxc6 18. Nxc6 Qd7 19. Rc1 Ne8 20. e5 Nc7
21. Qa3 Nd5 22. Qxa7 Qe8 23. g3 h6 24. a3 Qa8 25. Ne7+ Nxe7 26. Qxe7 Rc8 27.
Rxc8+ Qxc8 28. Qd6 Qb7 29. a4 h5 30. h4 g6 31. Qb4 Qc7 32. Qb5 Kg7 33. Kg2 Qb7+
34. Kh2 Qc7 35. Qb2 Qc6 36. Qb3 Kg8 37. Qd1 Kg7 38. f3 Qc3 39. Kh3 Qe3 40. Kg2
Qc3 41. Kf2 Qb2+ 42. Ke3 Qh2 43. Qe1 Qb2 44. Qd1 Qh2 45. Qe1 Qb2 46. Qd1 1/2-1/2

[Event "TCh-CHN 2016"]
[Site "China CHN"]
[Date "2016.10.31"]
[Round "17.5"]
[Board "3"]
[White "Ni, Hua"]
[Black "Gao, Rui"]
[Result "1-0"]
[WhiteTitle "GM"]
[BlackTitle "GM"]
[WhiteElo "2681"]
[BlackElo "2552"]
[WhiteTeam "Shanghai"]
[BlackTeam "Hangzhou"]
[WhiteFideId "8601160"]
[BlackFideId "8602387"]
[EventDate "2016.04.12"]

1. e4 c5 2. Nf3 d6 3. Bb5+ Bd7 4. Bxd7+ Nxd7 5. O-O Ngf6 6. Qe2 Rc8 7. c4 Ne5 8.
Nxe5 dxe5 9. Nc3 e6 10. d3 Be7 11. f4 exf4 12. Bxf4 O-O 13. e5 Nd7 14. Ne4 Nb8
15. Kh1 Nc6 16. Qg4 Qd4 17. Qg3 Rcd8 18. Rad1 Kh8 19. b3 b6 20. Rfe1 Qd7 21. Qg4
f5 22. exf6 gxf6 23. Qh5 Rg8 24. Rf1 Qe8 25. Qh3 Qg6 26. Qf3 Qe8 27. Qh5 Qg6 28.
Qf3 Nd4 29. Qf2 Qg4 30. Be3 f5 31. Nd2 Bf6 32. Nf3 Nxf3 33. gxf3 Qh3 34. Qe2 Rg6
35. Rg1 e5 36. Bd2 Kg7 37. b4 cxb4 38. Bxb4 Kf7 39. a4 Rdg8 40. a5 Rxg1+ 41.
Rxg1 Rxg1+ 42. Kxg1 1-0

[Event "TCh-CHN 2016"]
[Site "China CHN"]
[Date "2016.10.31"]
[Round "17.5"]
[Board "4"]
[White "Dzagnidze, Nana"]
[Black "Zhang, Xiaowen"]
[Result "1-0"]
[WhiteTitle "GM"]
[BlackTitle "WGM"]
[WhiteElo "2535"]
[BlackElo "2374"]
[WhiteTeam "Hangzhou"]
[BlackTeam "Shanghai"]
[WhiteFideId "13601903"]
[BlackFideId "8603219"]
[EventDate "2016.04.12"]

1. Nf3 Nf6 2. c4 e6 3. b3 d5 4. Bb2 Be7 5. g3 c5 6. cxd5 exd5 7. Bg2 O-O 8. d4
b6 9. O-O Bb7 10. Nc3 Nbd7 11. Rc1 Re8 12. Ne5 Nf8 13. dxc5 bxc5 14. Na4 Ne6 15.
Nd3 Rc8 16. Bxf6 gxf6 17. Qd2 Bf8 18. Rfd1 Qe7 19. Nf4 Nxf4 20. Qxf4 d4 21. Bxb7
Qxb7 22. Qxf6 Qd5 23. Qa6 Rc6 24. Qd3 Rh6 25. Qf3 Qe5 26. Rc2 Ree6 27. Nb2 Ref6
28. Nd3 Qe6 29. Qa8 Kg7 30. Qg2 Bd6 31. Rdc1 Rh5 32. Kf1 Rfh6 33. h4 Rg6 34.
Nxc5 Qf5 35. Ne4 Ba3 36. Rc5 Bxc1 37. Rxf5 Rxf5 38. Qh3 Re5 39. Qc8 Rxe4 40.
Qxc1 Rge6 41. Qc2 a6 42. Qd3 f6 43. b4 R4e5 44. Qxd4 Rxe2 45. Qg4+ 1-0

[Event "TCh-CHN 2016"]
[Site "China CHN"]
[Date "2016.10.31"]
[Round "17.5"]
[Board "5"]
[White "Gu, Tianlu"]
[Black "Ju, Wenjun"]
[Result "1/2-1/2"]
[WhiteTitle "WIM"]
[BlackTitle "GM"]
[WhiteElo "2255"]
[BlackElo "2568"]
[WhiteTeam "Hangzhou"]
[BlackTeam "Shanghai"]
[WhiteFideId "8603995"]
[BlackFideId "8603006"]
[EventDate "2016.04.12"]

1. d4 Nf6 2. Nf3 g6 3. Bf4 Bg7 4. c3 d6 5. h3 b6 6. e3 Bb7 7. Nbd2 O-O 8. Be2 c5
9. O-O Nc6 10. a4 cxd4 11. exd4 Re8 12. Nc4 Nd5 13. Bg3 e5 14. Bh4 Qc7 15. Bg3
Rad8 16. Ne3 Nxe3 17. fxe3 Bh6 18. Bf2 Ne7 19. Bb5 Rf8 20. Qe2 e4 21. Nd2 d5 22.
a5 bxa5 23. Nb3 Rb8 24. Nc5 Bc8 25. c4 Qb6 26. Bg3 Nf5 27. Bxb8 Qxb8 28. Rxf5
Bxf5 29. cxd5 Qg3 30. Ra3 Rb8 31. Bc6 Bf8 32. Qf2 Qxf2+ 33. Kxf2 Rxb2+ 34. Kf1
h5 35. Rxa5 Bd6 36. g4 hxg4 37. hxg4 Bxg4 38. Nxe4 Bh3+ 39. Kg1 Bh2+ 40. Kh1 Bc7
41. Rb5 Rc2 42. Kg1 Rg2+ 43. Kh1 Re2 44. d6 Bg2+ 45. Kg1 Bxd6 46. Nxd6 Bxc6 47.
Rc5 Bf3 48. Rc8+ Kg7 49. Rc7 Bd5 50. e4 Bxe4 51. Rxf7+ Kh6 52. Rxa7 Bf3 53. Nf7+
Kh5 54. Ne5 Be4 55. Ra3 Kg5 56. Kf1 Rc2 57. Rg3+ Kf6 58. Ng4+ Ke6 59. Ne3 Ra2
60. Rg5 Bd3+ 61. Kg1 Ra4 62. d5+ Kd6 63. Kf2 Rf4+ 64. Kg3 Rf8 65. Ng4 Be4 66.
Ne5 Rf6 67. Nc4+ Kc5 68. Nd2 Bf5 69. Nf3 Kxd5 70. Nh4 Ke4 71. Nxf5 gxf5 72. Kf2
Ra6 73. Rg3 Ra2+ 74. Kf1 Rd2 75. Ra3 Kf4 76. Rb3 Kg4 77. Ra3 f4 78. Rb3 Rh2 79.
Ra3 Rd2 80. Rb3 Kf5 81. Ra3 Ke4 82. Rb3 Rd3 83. Rxd3 Kxd3 84. Kf2 Ke4 85. Ke2
f3+ 86. Kf2 Kf4 87. Kf1 Kf5 88. Kf2 Ke4 89. Kf1 Ke3 90. Ke1 f2+ 91. Kf1 Kf3 1/2-1/2

[Event "TCh-CHN 2016"]
[Site "China CHN"]
[Date "2016.10.31"]
[Round "17.6"]
[Board "1"]
[White "Wang, Chen"]
[Black "Lin, Yi"]
[Result "1/2-1/2"]
[WhiteTitle "IM"]
[WhiteElo "2514"]
[BlackElo "2276"]
[WhiteTeam "Chongqing"]
[BlackTeam "Shenzhen"]
[WhiteFideId "8601020"]
[BlackFideId "8602735"]
[EventDate "2016.04.12"]

1. Nf3 Nf6 2. d4 g6 3. Bf4 Bg7 4. e3 d5 5. Be2 c5 6. c3 O-O 7. O-O Nc6 8. Ne5
Qb6 9. Qb3 Qxb3 10. axb3 Nxe5 11. Bxe5 Nd7 12. Bc7 Nf6 13. dxc5 Bf5 14. b4 Rfc8
15. Be5 a5 16. Rxa5 Rxa5 17. bxa5 Rxc5 18. b4 Rc8 19. Bf3 e6 20. Nd2 Ne4 21.
Bxe4 Bxe5 22. Bxf5 gxf5 23. Nb1 Rc7 24. Rc1 Bd6 25. Rd1 Be5 26. Rd3 Bd6 27. Rd1
Be5 28. f4 Bxc3 29. Rc1 Be5 30. Rxc7 Bxc7 31. Nc3 Kf8 32. Na4 Ke7 33. Nc5 Kd6
34. Nxb7+ Kc6 35. a6 Kb6 36. b5 Bb8 37. Nd8 Kxb5 38. Nxf7 Kxa6 39. Nd8 Ba7 40.
Kf2 d4 41. Ke2 dxe3 42. Nxe6 Kb5 43. Ng7 Kc4 44. Nxf5 Kd5 45. Ng3 Kd4 46. Nh5
Ke4 47. h3 h6 48. g3 Bd4 49. g4 Bb2 50. f5 Be5 51. f6 Bd6 52. f7 Ke5 53. Kxe3
Ke6 54. Ke4 Kxf7 55. Kf5 Be7 56. Nf4 Bg5 57. Nd3 Bh4 58. Ne5+ Kg7 59. Nf3 Bf6
60. Ne5 Bh4 61. Nf3 Bf6 62. Ne5 Bh4 63. Ng6 Bd8 64. h4 Bc7 65. Ne5 Bd8 66. h5
Bg5 67. Ke6 Bf4 68. Nf3 Be3 69. Ne5 Bf4 70. Nc6 Be3 71. Ne7 Bg5 72. Nf5+ Kf8 73.
Nd6 Kg7 74. Ne4 Bh4 75. Nc3 Bg5 76. Nb5 Bh4 77. Nd6 Bg5 78. Nc8 Bh4 79. Nb6 Bg5
80. Nd7 Bh4 81. Ne5 Bg5 82. Kf5 Bh4 83. Nd3 Kf7 84. Ne5+ Kg7 85. Ke6 Bg5 86. Nf3
Bf6 87. Ne1 Bg5 88. Nc2 Bh4 89. Nb4 Bg5 90. Nc6 Bh4 91. Nd4 Bg5 92. Nf5+ Kf8 93.
Kd7 Kf7 94. Nd6+ Kf8 95. Nc4 Kf7 96. Ne5+ Kf8 97. Nf3 Bf6 1/2-1/2

[Event "TCh-CHN 2016"]
[Site "China CHN"]
[Date "2016.10.31"]
[Round "17.6"]
[Board "2"]
[White "Zhou, Weiqi"]
[Black "Yu, Kaifeng"]
[Result "0-1"]
[WhiteTitle "GM"]
[BlackTitle "FM"]
[WhiteElo "2635"]
[BlackElo "2220"]
[WhiteTeam "Chongqing"]
[BlackTeam "Shenzhen"]
[WhiteFideId "8601674"]
[BlackFideId "8609667"]
[EventDate "2016.04.12"]

1. c4 e6 2. Nc3 d5 3. d4 Nf6 4. cxd5 exd5 5. Bg5 Be7 6. e3 O-O 7. Bd3 c6 8. Nge2
Nbd7 9. O-O Re8 10. Qc2 Nf8 11. Rae1 Bg4 12. f3 Bh5 13. Nf4 Bg6 14. Nxg6 Nxg6
15. Kh1 Qd6 16. Qb3 b5 17. Bxg6 hxg6 18. Bf4 Qd7 19. Ne2 Nh5 20. Be5 Bd6 21.
Bxd6 Qxd6 22. g4 Nf6 23. Rc1 Nd7 24. e4 dxe4 25. fxe4 Nf6 26. e5 Qd7 27. h3 Rad8
28. Ng3 Nh7 29. Ne4 Qxd4 30. Qxf7+ Kh8 31. Qxg6 Qxe5 32. Rce1 Re6 33. Qf5 Rde8 0-1